Even mountains vanish : (Record no. 18296)

MARC details
000 -LEADER
fixed length control field 01342cam a22003254a 4500
001 - CONTROL NUMBER
control field 13195980
003 - CONTROL NUMBER IDENTIFIER
control field OSt
005 - DATE AND TIME OF LATEST TRANSACTION
control field 20211115152017.0
008 - FIXED-LENGTH DATA ELEMENTS--GENERAL INFORMATION
fixed length control field 030513s2003 utu 000 0deng
010 ## - LIBRARY OF CONGRESS CONTROL NUMBER
LC control number 2003010945
020 ## - INTERNATIONAL STANDARD BOOK NUMBER
International Standard Book Number 0874807719 (pbk. : alk. paper)
040 ## - CATALOGING SOURCE
Original cataloging agency DLC
Transcribing agency HU
Modifying agency DLC
042 ## - AUTHENTICATION CODE
Authentication code pcc
043 ## - GEOGRAPHIC AREA CODE
Geographic area code n-us-co
-- n-us-nm
-- n-cn---
050 00 - LIBRARY OF CONGRESS CALL NUMBER
Classification number QH105.C6
Item number C26 2003
082 00 - DEWEY DECIMAL CLASSIFICATION NUMBER
Classification number 508.7
Edition number 21
100 1# - MAIN ENTRY--PERSONAL NAME
Personal name Campbell, SueEllen.
9 (RLIN) 18430
245 10 - TITLE STATEMENT
Title Even mountains vanish :
Remainder of title searching for solace in an age of extinction /
Statement of responsibility, etc. SueEllen Campbell.
260 ## - PUBLICATION, DISTRIBUTION, ETC.
Place of publication, distribution, etc. Salt Lake City :
Name of publisher, distributor, etc. University of Utah Press,
Date of publication, distribution, etc. c2003.
300 ## - PHYSICAL DESCRIPTION
Extent x, 141 p. ;
Dimensions 21 cm.
505 0# - FORMATTED CONTENTS NOTE
Formatted contents note The voice of the crane -- The edge of winter -- String games -- The world is a nest.
600 10 - SUBJECT ADDED ENTRY--PERSONAL NAME
Personal name Campbell, SueEllen.
9 (RLIN) 18430
650 #0 - SUBJECT ADDED ENTRY--TOPICAL TERM
Topical term or geographic name entry element Natural history
Geographic subdivision Colorado.
9 (RLIN) 18431
650 #0 - SUBJECT ADDED ENTRY--TOPICAL TERM
Topical term or geographic name entry element Natural history
Geographic subdivision New Mexico.
9 (RLIN) 18432
650 #0 - SUBJECT ADDED ENTRY--TOPICAL TERM
Topical term or geographic name entry element Natural history
Geographic subdivision Canada, Northern.
9 (RLIN) 18433
856 41 - ELECTRONIC LOCATION AND ACCESS
Materials specified Table of contents
Uniform Resource Identifier <a href="http://www.loc.gov/catdir/toc/ecip044/2003010945.html">http://www.loc.gov/catdir/toc/ecip044/2003010945.html</a>
906 ## - LOCAL DATA ELEMENT F, LDF (RLIN)
a 7
b cbc
c orignew
d 1
e ecip
f 20
g y-gencatlg
942 ## - ADDED ENTRY ELEMENTS (KOHA)
Source of classification or shelving scheme Dewey Decimal Classification
Koha item type Books like text book referance book
Suppress in OPAC No
Holdings
Withdrawn status Lost status Source of classification or shelving scheme Damaged status Not for loan Collection code Home library Current library Shelving location Date acquired Total Checkouts Full call number Barcode Date last seen Copy number Price effective from Koha item type
    Dewey Decimal Classification     Reference Wondo Genet Library Wondo Genet Library General Stacks 11/15/2021   508.7 CAM 2003 WGCFNRL00006933 11/15/2021 1 11/15/2021 Books like text book referance book